000
00371nam a2200169Ia 4500
003
0STCL
008
150530s9999 xx 000 0 und d
040
_a
STCL
_c
STCL
100
_a
Kurup O N V
245
_a
Mayilppeeli
260
_b
Publication Division
_c
1993
300
_a
0
546
_a
Malayalam
942
_2
ddc
_c
BK
999
_c
46888
_d
46888
005
20220125170716.0